01014cam a2200265 a 45000010005000000030008000050050017000130080041000300200015000710350018000860400031001040410008001350820021001431000033001642450171001972600044003683000033004125040020004455040032004656500031004977000049005289420012005779990015005899520144006046460BD-RjUL20211208234240.0711126s1971 enkg b 001 0 eng d a0710070004 a(BD-RjUL)6501 aLCbengcLCdSUSAdBD-RjUL aeng00a801.91bFOL 19711 aFowler, Roger,d1938-92033414aThe languages of literature :bsome linguistic contributions to criticism;cwith an essay written in collaboration with Peter Mercer, and two papers by F. W. Bateson. aLondon :bRoutledge and K. Paul,c1971. axii, 256 p.;bmusic.c22 cm. aIncludes index. aBibliography: p. [249]-251. 0aCriticism, Textual.9203351 aBateson, Frederick Wilse,d1901-1978.920336 2ddccBK c6460d6460 00102ddc40718NFICaRUCLbRUCLcreadingd1975-12-27eGonathan & co.g3.50l0o801.91 FOL 1971r2014-01-11 00:00:00tC-1w2014-01-11yBK